The Shoulder (Запис № 451917)

МАРК-запис
000 -LEADER
fixed length control field 03365nam a22005535i 4500
001 - CONTROL NUMBER
control field 978-3-319-51979-1
003 - CONTROL NUMBER IDENTIFIER
control field DE-He213
005 - DATE AND TIME OF LATEST TRANSACTION
control field 20210118145413.0
007 - PHYSICAL DESCRIPTION FIXED FIELD--GENERAL INFORMATION
fixed length control field cr nn 008mamaa
008 - FIXED-LENGTH DATA ELEMENTS--GENERAL INFORMATION
fixed length control field 171010s2017 gw | s |||| 0|eng d
020 ## - INTERNATIONAL STANDARD BOOK NUMBER
International Standard Book Number 9783319519791
-- 978-3-319-51979-1
024 7# - OTHER STANDARD IDENTIFIER
Standard number or code 10.1007/978-3-319-51979-1
Source of number or code doi
050 #4 - LIBRARY OF CONGRESS CALL NUMBER
Classification number RD701-811
072 #7 - SUBJECT CATEGORY CODE
Subject category code MNS
Source bicssc
072 #7 - SUBJECT CATEGORY CODE
Subject category code MED065000
Source bisacsh
072 #7 - SUBJECT CATEGORY CODE
Subject category code MNS
Source thema
082 04 - DEWEY DECIMAL CLASSIFICATION NUMBER
Classification number 616.7
Edition number 23
245 14 - TITLE STATEMENT
Title The Shoulder
Medium [electronic resource] /
Statement of responsibility, etc edited by Gazi Huri, Nikolaos K. Paschos.
250 ## - EDITION STATEMENT
Edition statement 1st ed. 2017.
264 #1 -
-- Cham :
-- Springer International Publishing :
-- Imprint: Springer,
-- 2017.
300 ## - PHYSICAL DESCRIPTION
Extent XXIV, 453 p. 255 illus., 185 illus. in color.
Other physical details online resource.
336 ## -
-- text
-- txt
-- rdacontent
337 ## -
-- computer
-- c
-- rdamedia
338 ## -
-- online resource
-- cr
-- rdacarrier
347 ## -
-- text file
-- PDF
-- rda
490 1# - SERIES STATEMENT
Series statement Orthopaedic Study Guide Series,
Міжнародний стандартний серійний номер для назви серії (ISSN) 2520-1115
505 0# - FORMATTED CONTENTS NOTE
Formatted contents note Basic Science -- Clinical evaluation -- Investigations -- Shoulder trauma -- Specific shoulder disorders -- Non-operative management of shoulder disorders -- Operative management of shoulder disorders.
520 ## - SUMMARY, ETC.
Summary, etc This book provides a broad overview of operative and non-operative treatments of various conditions affecting the shoulder. It is presented in an easy to use format with each chapter including multiple choice questions to assist the reader in preparing for boards to improve shoulder knowledge and increase success in exams. The Shoulder clearly describes the basic science, anatomy, biomechanical features and principals of physical examination while utilising an algorithmic approach to shoulder disorders. The contributors are an international team of shoulder experts who understand what is important to know at every level. The result is a book of value to those new to shoulder challenges and also experienced surgeons who wish to have a quick and handy guide to current concepts and knowledge of shoulder conditions and treatment.
506 ## - RESTRICTIONS ON ACCESS NOTE
Terms governing access Available to subscribing member institutions only. Доступно лише організаціям членам підписки.
506 ## - RESTRICTIONS ON ACCESS NOTE
Standardized terminology for access restriction Online access from local network of NaUOA.
506 ## - RESTRICTIONS ON ACCESS NOTE
Standardized terminology for access restriction Online access with authorization at https://link.springer.com/
506 ## - RESTRICTIONS ON ACCESS NOTE
Standardized terminology for access restriction Онлайн-доступ з локальної мережі НаУОА.
506 ## - RESTRICTIONS ON ACCESS NOTE
Standardized terminology for access restriction Онлайн доступ з авторизацією на https://link.springer.com/
650 #0 - SUBJECT ADDED ENTRY--TOPICAL TERM
Topical term or geographic name as entry element Orthopedics.
650 14 - SUBJECT ADDED ENTRY--TOPICAL TERM
Topical term or geographic name as entry element Orthopedics.
-- http://scigraph.springernature.com/things/product-market-codes/H45000
700 1# - ADDED ENTRY--PERSONAL NAME
Personal name Huri, Gazi.
Relator term editor.
Relator code edt
-- http://id.loc.gov/vocabulary/relators/edt
700 1# - ADDED ENTRY--PERSONAL NAME
Personal name Paschos, Nikolaos K.
Relator term editor.
Relator code edt
-- http://id.loc.gov/vocabulary/relators/edt
710 2# - ADDED ENTRY--CORPORATE NAME
Corporate name or jurisdiction name as entry element SpringerLink (Online service)
773 0# - HOST ITEM ENTRY
Title Springer eBooks
776 08 - ADDITIONAL PHYSICAL FORM ENTRY
Display text Printed edition:
International Standard Book Number 9783319519777
776 08 - ADDITIONAL PHYSICAL FORM ENTRY
Display text Printed edition:
International Standard Book Number 9783319519784
776 08 - ADDITIONAL PHYSICAL FORM ENTRY
Display text Printed edition:
International Standard Book Number 9783319847900
830 #0 - SERIES ADDED ENTRY--UNIFORM TITLE
Uniform title Orthopaedic Study Guide Series,
-- 2520-1115
856 40 - ELECTRONIC LOCATION AND ACCESS
Uniform Resource Identifier <a href="https://doi.org/10.1007/978-3-319-51979-1">https://doi.org/10.1007/978-3-319-51979-1</a>
912 ## -
-- ZDB-2-SME
942 ## - ADDED ENTRY ELEMENTS (KOHA)
Koha item type ЕКнига

Немає доступних примірників.